Sports Quiz

Random Sports Quiz

Sparky Anderson memorial quiz Stats

 Plays Quiz not verified by Sporcle

Score 0/23 Timer 03:00
0 Plays Today
Clue Answer % Correct
year of that championship1984
90.8%
depression era year of birth1934
89.2%
year he won first championship with the Reds1975
87.7%
year he won second championship with the Reds1976
87.7%
team they beat that yearNew York Yankees
84.6%
year Reds lost to Orioles in World Series1970
83.1%
other team he won a championship withDetroit Tigers
83.1%
year Reds lost to Athletics in World Series1972
81.5%
Canadian city where he finished his career in the minorsToronto
76.9%
team they beat that yearBoston Red Sox
75.4%
year he was inducted in the Baseball Hall of Fame2000
75.4%
position he played his whole careersecond base
73.8%
Clue Answer % Correct
year he retired from managing1995
73.8%
west-coast MLB organization for which he spent five seasons playing in the minorsLos Angeles Dodgers
72.3%
in 1979, radio station sitcom he guest-starred as himselfWKRP in Cincinnati
69.2%
year he was named manager of the Reds1969
67.7%
east-coast MLB team he was traded to and played 1 seasonPhiladelphia Phillies
63.1%
player he declared as 'the next Mickey Mantle'Kirk Gibson
61.5%
in late 90's, west-coast team he was tv color analyst forAnaheim Angels
58.5%
first MLB [expansion] team he coached for in 1969San Diego Padres
55.4%
non-populous state he was born inSouth Dakota
40%
basketball-themed tv show he made a guest appearance on in 1980The White Shadow
40%
famous announcer he was paired with during radio broadcastsJack Buck
10.8%

You're not logged in!

Compare scores with friends on all Sporcle quizzes.
OR
Log In

Show Comments

Extras

Created Nov 4, 2010ReportNominate
Tags:anderson, memorial

Top Quizzes Today


Score Distribution

Your Account Isn't Verified!

In order to create a playlist on Sporcle, you need to verify the email address you used during registration. Go to your Sporcle Settings to finish the process.

Report this User

Report this user for behavior that violates our Community Guidelines.

Details: